01625nam a2200217 a 4500001001500000005001700015008004100032020003500073020003000108040000600138082002600144100002200170245008300192260003500275300002100310520084900331856008201180942001201262999001701274952011601291ASIN186064843620170105102928.0131213s2004 xxu eng d a1860648436 (hardcover)c$75.00 a9781860648434 (hardcover) a0 a320.9409045bHAS 20051 aHaseler, Stephen.10aSuper-state :bthe new europe and its challenge to america /cStephen Haseler. a[S.l.] :bI. B. Tauris,c2004. a240 p. ;c22 cm. aEven before Donald Rumsfeld's infamous "Old Europe" gibe, Europe's divergence from America on issues like war with Iraq and trade competition has become increasingly ill-tempered. With the Euro successfully launched and a European army a real prospect, Europe is now a recognizable political entity on the world scene. A population of over 300 million and the world's largest economy have already turned the EU into a super-power, but it is now on the verge of being a super-state. Haseler examines why the new European super-state has emerged, how it will inevitably rival the United States and how America is reacting to this new world player. Super-State explores what this new EU super-state means for the citizens of Europe and their attitudes to America, looking specifically at how a eurosceptic Britain will fit into this new structure.403Amazon.comuhttp://www.amazon.com/exec/obidos/ASIN/1860648436/chopaconline-20 2ddccBK c15920d15920 001040708NFICaCIPSbCIPScGENd2013-10-02l0o320.9409045 HAS 2005pCIPS0002375r2013-12-13w2013-12-13yBK